| 000 | 00596cam a2200217ua 4500 | ||
|---|---|---|---|
| 005 | 20230405112045.0 | ||
| 008 | 190309n ii |||gr||||Z||||||asm | ||
| 020 | _a9789382750925 | ||
| 040 |
_cMAIN _aIN-DiNC |
||
| 041 | _dasm | ||
| 082 |
_a294.3 _bDAT |
||
| 100 |
_aSoumyadeep Datta, _eauthor |
||
| 245 |
_aMahapurush Gautam Buddha _cby Soumyadeep Datta |
||
| 250 | _a1st ed. | ||
| 260 |
_aDibrugarh: _bBanalata, _c2015. |
||
| 300 | _a211p. | ||
| 650 | _aReligious philosophy of Gautam Buddha | ||
| 653 | _aBiography, genealogy & insignia | ||
| 653 | _aAssamese biography | ||
| 942 |
_cBK _2ddc |
||
| 999 |
_c9477 _d9477 |
||